000 005470000a22001930004500
001 001891
003 MACL
005 20150813155521.0
008 150813b xxu||||| |||| 00| 0 eng d
040 _aMACL
_cMACL
041 _aEnglish
082 _a401/CHA
100 _aChakravarti, Sitansu
_95378
245 _aModality Reference And Sense
_bAn Essay in the Philosophy of Language
_cSitansu Chakravarti
260 _aNew Delhi
_c2001
_bMunshiram Manhoharlal Publishers,
350 _a300
650 _aLinguistics
_95380
942 _k401
_cBK
_2ddc
999 _c13807
_d13807